[Event "EYCC 2024 - G16"]
[Site "?"]
[Date "2024.08.24"]
[Round "3.1"]
[White "Dobsa, Emma"]
[Black "Shvedova, Alexandra"]
[Result "0-1"]
[BlackElo "2219"]
[WhiteElo "1937"]
[LiveChessVersion "1.4.8"]

1. e4 {[%clk 1:30:57]} c5 {[%clk 1:30:54]} 2. Nf3 {[%clk 1:31:18]} a6
{[%clk 1:31:17]} 3. c4 {[%clk 1:31:01]} d6 {[%clk 1:31:37]} 4. Nc3
{[%clk 1:31:04]} e5 {[%clk 1:31:34]} 5. Be2 {[%clk 1:29:21]} Nc6 {[%clk 1:30:25]}
6. O-O {[%clk 1:27:54]} g6 {[%clk 1:29:28]} 7. d3 {[%clk 1:24:31]} Bg7
{[%clk 1:28:54]} 8. a3 {[%clk 1:17:10]} Nge7 {[%clk 1:26:09]} 9. Rb1
{[%clk 1:14:32]} a5 {[%clk 1:19:25]} 10. Ne1 {[%clk 1:02:09]} Nd4
{[%clk 1:13:11]} 11. Nc2 {[%clk 0:58:40]} Nb3 {[%clk 1:07:01]} 12. Bg5
{[%clk 0:52:03]} f6 {[%clk 1:06:34]} 13. Bh4 {[%clk 0:52:05]} Be6
{[%clk 1:00:07]} 14. Ne3 {[%clk 0:46:11]} Nd4 {[%clk 0:59:31]} 15. Bg4
{[%clk 0:44:48]} Bxg4 {[%clk 0:56:42]} 16. Qxg4 {[%clk 0:42:49]} h5
{[%clk 0:56:44]} 17. Qg3 {[%clk 0:39:22]} g5 {[%clk 0:55:42]} 18. Bxg5
{[%clk 0:38:17]} fxg5 {[%clk 0:56:07]} 19. Qxg5 {[%clk 0:38:33]} Ne6
{[%clk 0:55:46]} 20. Qg3 {[%clk 0:36:22]} O-O {[%clk 0:53:19]} 21. Qh4
{[%clk 0:22:56]} Nf4 {[%clk 0:51:30]} 22. g4 {[%clk 0:19:12]} Neg6
{[%clk 0:48:25]} 23. Qg3 {[%clk 0:18:54]} Qh4 {[%clk 0:46:19]} 24. Nf5
{[%clk 0:17:26]} Qxg4 {[%clk 0:46:14]} 25. Nxd6 {[%clk 0:15:04]} Nxd3
{[%clk 0:43:59]} 26. f3 {[%clk 0:13:02]} Qe6 {[%clk 0:41:49]} 27. Ncb5
{[%clk 0:08:58]} Ra6 {[%clk 0:38:56]} 28. Rfd1 {[%clk 0:07:08]} Rxd6
{[%clk 0:38:13]} 29. Nxd6 {[%clk 0:07:32]} Qxd6 {[%clk 0:38:39]} 30. Kh1
{[%clk 0:06:07]} h4 {[%clk 0:38:09]} 31. Qg1 {[%clk 0:05:15]} Rxf3
{[%clk 0:37:21]} 32. Rd2 {[%clk 0:05:25]} Qf6 {[%clk 0:37:10]} 33. Qg2
{[%clk 0:04:21]} h3 {[%clk 0:37:19]} 34. Qg4 {[%clk 0:03:31]} Rf1+
{[%clk 0:37:42]} 0-1

[Event "EYCC 2024 - G16"]
[Site "?"]
[Date "2024.08.24"]
[Round "3.2"]
[White "Sprzeczka, Emilia"]
[Black "Yildiz, Elif Zeren"]
[Result "0-1"]
[BlackElo "1934"]
[WhiteElo "2149"]
[LiveChessVersion "1.4.8"]

1. e4 {[%clk 1:30:58]} c5 {[%clk 1:30:55]} 2. Nf3 {[%clk 1:31:21]} d6
{[%clk 1:31:17]} 3. d4 {[%clk 1:31:45]} cxd4 {[%clk 1:31:41]} 4. Nxd4
{[%clk 1:32:07]} Nf6 {[%clk 1:32:05]} 5. Nc3 {[%clk 1:32:30]} a6 {[%clk 1:32:32]}
6. h3 {[%clk 1:32:45]} e5 {[%clk 1:32:25]} 7. Nf3 {[%clk 1:32:44]} h6
{[%clk 1:22:40]} 8. g4 {[%clk 1:25:51]} g5 {[%clk 1:20:43]} 9. Nd2
{[%clk 1:20:46]} b5 {[%clk 1:06:50]} 10. a4 {[%clk 1:14:24]} b4 {[%clk 1:04:22]}
11. Nd5 {[%clk 1:05:46]} Bb7 {[%clk 0:53:37]} 12. Bg2 {[%clk 0:59:46]} Nc6
{[%clk 0:48:00]} 13. Nc4 {[%clk 0:54:57]} Nxd5 {[%clk 0:35:35]} 14. exd5
{[%clk 0:52:08]} Ne7 {[%clk 0:35:59]} 15. Be4 {[%clk 0:48:33]} Rc8
{[%clk 0:29:22]} 16. b3 {[%clk 0:44:44]} Rc5 {[%clk 0:21:23]} 17. Be3
{[%clk 0:39:00]} Rxd5 {[%clk 0:20:14]} 18. Qf3 {[%clk 0:33:33]} Qc7
{[%clk 0:17:53]} 19. O-O {[%clk 0:27:32]} Bc6 {[%clk 0:17:06]} 20. Bb6
{[%clk 0:20:56]} Qd7 {[%clk 0:14:18]} 21. Rfe1 {[%clk 0:15:28]} Bg7
{[%clk 0:10:58]} 22. Re2 {[%clk 0:14:52]} O-O {[%clk 0:10:17]} 23. Ne3
{[%clk 0:13:07]} Rd4 {[%clk 0:06:59]} 24. Bxd4 {[%clk 0:08:01]} Bxe4
{[%clk 0:07:20]} 25. Qxe4 {[%clk 0:08:26]} exd4 {[%clk 0:06:47]} 26. Nc4
{[%clk 0:03:01]} d3 {[%clk 0:07:12]} 27. Qxe7 {[%clk 0:02:35]} dxe2
{[%clk 0:06:01]} 28. Qxd7 {[%clk 0:02:24]} Bxa1 {[%clk 0:06:28]} 29. Qe7
{[%clk 0:01:10]} Be5 {[%clk 0:06:54]} 30. Nxd6 {[%clk 0:01:16]} e1=Q+
{[%clk 0:07:19]} 31. Kg2 {[%clk 0:01:37]} Qc3 {[%clk 0:06:17]} 32. Nf5
{[%clk 0:01:13]} Bg7 {[%clk 0:06:39]} 33. Qe4 {[%clk 0:01:09]} a5
{[%clk 0:06:30]} 34. h4 {[%clk 0:00:49]} gxh4 {[%clk 0:05:51]} 35. Nxh4
{[%clk 0:00:58]} Qe5 {[%clk 0:06:13]} 36. Qf3 {[%clk 0:00:57]} Re8
{[%clk 0:06:27]} 37. Kh3 {[%clk 0:00:36]} Qc3 {[%clk 0:06:35]} 0-1

[Event "EYCC 2024 - G16"]
[Site "?"]
[Date "2024.08.24"]
[Round "3.3"]
[White "Tirpan, Ceren"]
[Black "Sekova, Olivia"]
[Result "1-0"]
[BlackElo "2073"]
[WhiteElo "1926"]
[LiveChessVersion "1.4.8"]

1. c4 {[%clk 1:30:57]} Nf6 {[%clk 1:30:29]} 2. Nc3 {[%clk 1:31:21]} c5
{[%clk 1:30:22]} 3. g3 {[%clk 1:31:42]} g6 {[%clk 1:29:20]} 4. Bg2
{[%clk 1:32:03]} Bg7 {[%clk 1:29:44]} 5. e4 {[%clk 1:27:09]} d6 {[%clk 1:28:25]}
6. Nge2 {[%clk 1:26:49]} Nc6 {[%clk 1:28:40]} 7. O-O {[%clk 1:24:19]} Bd7
{[%clk 1:20:45]} 8. d4 {[%clk 1:12:49]} cxd4 {[%clk 1:16:34]} 9. Nxd4
{[%clk 1:11:08]} O-O {[%clk 1:16:12]} 10. Nc2 {[%clk 1:07:53]} Rc8
{[%clk 1:14:07]} 11. b3 {[%clk 1:07:25]} a6 {[%clk 1:12:40]} 12. Bb2
{[%clk 1:01:15]} Qa5 {[%clk 1:09:29]} 13. Qd2 {[%clk 0:53:04]} Qh5
{[%clk 1:07:09]} 14. Ne3 {[%clk 0:41:26]} Bh3 {[%clk 1:03:01]} 15. f3
{[%clk 0:37:49]} Bh6 {[%clk 0:51:35]} 16. Rae1 {[%clk 0:34:53]} Ne5
{[%clk 0:48:07]} 17. f4 {[%clk 0:25:26]} Neg4 {[%clk 0:41:03]} 18. Ncd5
{[%clk 0:15:57]} Nxd5 {[%clk 0:34:25]} 19. Nxg4 {[%clk 0:13:48]} Qxg4
{[%clk 0:26:34]} 20. exd5 {[%clk 0:13:45]} Bg7 {[%clk 0:22:35]} 21. Bxg7
{[%clk 0:13:43]} Kxg7 {[%clk 0:22:59]} 22. Rxe7 {[%clk 0:13:57]} Bxg2
{[%clk 0:22:42]} 23. Qxg2 {[%clk 0:12:31]} b5 {[%clk 0:20:58]} 24. Qe4
{[%clk 0:07:49]} Qf5 {[%clk 0:17:25]} 25. Qxf5 {[%clk 0:04:11]} gxf5
{[%clk 0:17:50]} 26. cxb5 {[%clk 0:04:37]} axb5 {[%clk 0:18:13]} 27. Rd7
{[%clk 0:04:50]} Rc2 {[%clk 0:18:31]} 28. Rf2 {[%clk 0:04:58]} Rfc8
{[%clk 0:18:39]} 29. Rxc2 {[%clk 0:04:37]} Rxc2 {[%clk 0:19:05]} 30. Rxd6
{[%clk 0:04:45]} Rxa2 {[%clk 0:19:11]} 31. Rb6 {[%clk 0:05:10]} Ra1+
{[%clk 0:19:17]} 32. Kg2 {[%clk 0:05:33]} Ra2+ {[%clk 0:17:36]} 33. Kh3
{[%clk 0:05:19]} 1-0

[Event "EYCC 2024 - G16"]
[Site "?"]
[Date "2024.08.24"]
[Round "3.4"]
[White "Seemann, Pola"]
[Black "Li Chen, Helena Joana"]
[Result "0-1"]
[BlackElo "2057"]
[WhiteElo "1914"]
[LiveChessVersion "1.4.8"]

1. e4 {[%clk 1:30:58]} c5 {[%clk 1:30:56]} 2. Nf3 {[%clk 1:31:23]} e6
{[%clk 1:31:21]} 3. d4 {[%clk 1:31:49]} cxd4 {[%clk 1:31:46]} 4. Nxd4
{[%clk 1:32:12]} Nc6 {[%clk 1:32:12]} 5. Nc3 {[%clk 1:32:36]} Qc7
{[%clk 1:32:36]} 6. Be3 {[%clk 1:33:00]} a6 {[%clk 1:32:59]} 7. g4
{[%clk 1:33:23]} b5 {[%clk 1:33:09]} 8. Nxc6 {[%clk 1:33:24]} Qxc6
{[%clk 1:33:33]} 9. Qd2 {[%clk 1:33:48]} Bb7 {[%clk 1:33:48]} 10. O-O-O
{[%clk 1:33:47]} Nf6 {[%clk 1:32:17]} 11. f3 {[%clk 1:32:36]} b4 {[%clk 1:26:34]}
12. Ne2 {[%clk 1:29:58]} d5 {[%clk 1:26:54]} 13. g5 {[%clk 1:24:31]} Nd7
{[%clk 1:27:11]} 14. Nd4 {[%clk 1:21:40]} Qc7 {[%clk 1:27:12]} 15. f4
{[%clk 1:19:48]} Bc5 {[%clk 1:26:12]} 16. Bg2 {[%clk 1:09:44]} O-O
{[%clk 1:18:35]} 17. exd5 {[%clk 1:08:04]} exd5 {[%clk 1:18:34]} 18. Nf5
{[%clk 1:04:06]} Bxe3 {[%clk 1:13:51]} 19. Qxe3 {[%clk 1:03:01]} Nc5
{[%clk 1:04:18]} 20. Ne7+ {[%clk 0:55:51]} Kh8 {[%clk 1:03:20]} 21. Nxd5
{[%clk 0:54:45]} Bxd5 {[%clk 0:59:56]} 22. Rxd5 {[%clk 0:50:32]} Rac8
{[%clk 0:59:24]} 23. f5 {[%clk 0:37:35]} a5 {[%clk 0:55:54]} 24. Re1
{[%clk 0:30:49]} a4 {[%clk 0:50:56]} 25. Kb1 {[%clk 0:29:33]} a3 {[%clk 0:46:05]}
26. Qe5 {[%clk 0:24:50]} Na4 {[%clk 0:40:24]} 27. Qxc7 {[%clk 0:24:56]} Rxc7
{[%clk 0:40:50]} 28. Rd4 {[%clk 0:23:19]} Nxb2 {[%clk 0:38:07]} 29. Rxb4
{[%clk 0:22:51]} Rc5 {[%clk 0:36:42]} 30. Bh3 {[%clk 0:19:19]} g6
{[%clk 0:35:12]} 31. Rb7 {[%clk 0:10:07]} gxf5 {[%clk 0:32:46]} 32. Rf1
{[%clk 0:09:33]} Nc4 {[%clk 0:32:39]} 33. Re1 {[%clk 0:06:26]} Rfc8
{[%clk 0:30:29]} 34. Re2 {[%clk 0:03:56]} Nd6 {[%clk 0:28:03]} 35. Rb3
{[%clk 0:03:01]} Nb5 {[%clk 0:26:43]} 36. Rf2 {[%clk 0:02:09]} Re5
{[%clk 0:21:10]} 37. Rf1 {[%clk 0:01:54]} Rcc5 {[%clk 0:18:21]} 38. c4
{[%clk 0:01:03]} Rxc4 {[%clk 0:17:16]} 39. Bxf5 {[%clk 0:01:23]} Nd4
{[%clk 0:15:02]} 40. Rb8+ {[%clk 0:01:50]} Kg7 {[%clk 0:15:25]} 41. Bg4
{[%clk 0:01:28]} Nb5 {[%clk 0:14:12]} 42. Bh5 {[%clk 0:01:13]} Rxg5
{[%clk 0:12:54]} 43. Bxf7 {[%clk 0:01:03]} Rb4+ {[%clk 0:13:10]} 44. Ka1
{[%clk 0:01:22]} Rf4 {[%clk 0:13:07]} 45. Rg8+ {[%clk 0:00:34]} Kxf7
{[%clk 0:13:12]} 46. Rxf4+ {[%clk 0:00:59]} Kxg8 {[%clk 0:13:37]} 47. Kb1
{[%clk 0:01:25]} Rg2 {[%clk 0:13:39]} 48. Rc4 {[%clk 0:01:19]} Rxh2
{[%clk 0:13:48]} 49. Rc5 {[%clk 0:01:39]} Nd4 {[%clk 0:14:09]} 50. Rc1
{[%clk 0:01:37]} Rb2+ {[%clk 0:14:32]} 51. Ka1 {[%clk 0:02:02]} Nc2+
{[%clk 0:14:59]} 0-1

[Event "EYCC 2024 - G16"]
[Site "?"]
[Date "2024.08.24"]
[Round "3.5"]
[White "Trunz, Michelle"]
[Black "Tomcaniova, Lucia"]
[Result "1-0"]
[BlackElo "1901"]
[WhiteElo "2055"]
[LiveChessVersion "1.4.8"]

1. d4 {[%clk 1:30:59]} Nf6 {[%clk 1:30:53]} 2. c4 {[%clk 1:31:25]} e6
{[%clk 1:31:17]} 3. Nf3 {[%clk 1:31:33]} b6 {[%clk 1:30:50]} 4. Bg5
{[%clk 1:31:05]} d5 {[%clk 1:26:06]} 5. e3 {[%clk 1:30:16]} Bb7 {[%clk 1:26:18]}
6. Bd3 {[%clk 1:27:12]} Nbd7 {[%clk 1:25:21]} 7. O-O {[%clk 1:27:25]} Be7
{[%clk 1:25:24]} 8. Nc3 {[%clk 1:26:44]} O-O {[%clk 1:25:21]} 9. Rc1
{[%clk 1:24:58]} Rc8 {[%clk 1:21:14]} 10. cxd5 {[%clk 1:20:49]} exd5
{[%clk 1:16:47]} 11. Bf5 {[%clk 1:19:55]} g6 {[%clk 0:56:26]} 12. Bh3
{[%clk 1:19:11]} Ra8 {[%clk 0:40:59]} 13. Ne5 {[%clk 1:10:58]} Re8
{[%clk 0:32:27]} 14. Nb5 {[%clk 0:59:16]} Nxe5 {[%clk 0:18:56]} 15. dxe5
{[%clk 0:55:52]} Ne4 {[%clk 0:19:20]} 16. Bf4 {[%clk 0:55:02]} c6
{[%clk 0:15:25]} 17. e6 {[%clk 0:51:03]} Nd6 {[%clk 0:11:12]} 18. exf7+
{[%clk 0:49:04]} Kxf7 {[%clk 0:11:10]} 19. Qf3 {[%clk 0:45:59]} cxb5
{[%clk 0:08:41]} 20. Bxd6+ {[%clk 0:43:14]} Bf6 {[%clk 0:08:59]} 21. Rc7+
{[%clk 0:43:09]} Kg8 {[%clk 0:09:10]} 22. Rd7 {[%clk 0:43:15]} 1-0

[Event "EYCC 2024 - G16"]
[Site "?"]
[Date "2024.08.24"]
[Round "3.6"]
[White "Zdor, Viktoriia"]
[Black "Szczotka, Klara"]
[Result "0-1"]
[BlackElo "2053"]
[WhiteElo "1882"]
[LiveChessVersion "1.4.8"]

1. d4 {[%clk 1:30:57]} Nf6 {[%clk 1:30:52]} 2. c4 {[%clk 1:31:19]} e6
{[%clk 1:31:20]} 3. g3 {[%clk 1:31:41]} d5 {[%clk 1:31:43]} 4. Bg2
{[%clk 1:31:59]} dxc4 {[%clk 1:32:08]} 5. Nf3 {[%clk 1:32:20]} Nbd7
{[%clk 1:31:57]} 6. O-O {[%clk 1:32:31]} c5 {[%clk 1:31:04]} 7. dxc5
{[%clk 1:32:28]} Bxc5 {[%clk 1:31:22]} 8. Qa4 {[%clk 1:30:19]} a6
{[%clk 1:29:17]} 9. Qxc4 {[%clk 1:29:47]} b5 {[%clk 1:27:11]} 10. Qf4
{[%clk 1:25:20]} Bb7 {[%clk 1:25:20]} 11. Nc3 {[%clk 1:20:11]} O-O
{[%clk 1:22:28]} 12. a3 {[%clk 1:12:44]} Rc8 {[%clk 1:21:06]} 13. Ne1
{[%clk 1:03:06]} Bxg2 {[%clk 1:17:38]} 14. Nxg2 {[%clk 1:03:24]} Nb6
{[%clk 1:15:34]} 15. Rd1 {[%clk 1:01:48]} Qe7 {[%clk 1:11:26]} 16. b4
{[%clk 0:58:45]} e5 {[%clk 1:10:52]} 17. Qh4 {[%clk 0:49:53]} Bd4
{[%clk 0:51:13]} 18. Ne4 {[%clk 0:49:47]} Bxa1 {[%clk 0:47:17]} 19. Bg5
{[%clk 0:50:04]} Nbd7 {[%clk 0:47:26]} 20. Ne3 {[%clk 0:40:19]} Bd4
{[%clk 0:26:55]} 21. Nd5 {[%clk 0:17:46]} Qe6 {[%clk 0:24:33]} 22. Bxf6
{[%clk 0:17:31]} Nxf6 {[%clk 0:22:35]} 23. Ndxf6+ {[%clk 0:16:07]} gxf6
{[%clk 0:22:45]} 24. g4 {[%clk 0:16:10]} Rc6 {[%clk 0:19:57]} 25. Ng3
{[%clk 0:11:26]} Kh8 {[%clk 0:16:30]} 26. e3 {[%clk 0:07:49]} Bb2
{[%clk 0:15:35]} 27. Kg2 {[%clk 0:06:18]} Rg8 {[%clk 0:14:50]} 28. Kh3
{[%clk 0:06:22]} e4 {[%clk 0:10:53]} 29. Nf5 {[%clk 0:06:21]} Be5
{[%clk 0:10:42]} 30. Nh6 {[%clk 0:05:24]} Rf8 {[%clk 0:10:35]} 31. Qh5
{[%clk 0:05:10]} Rcc8 {[%clk 0:10:38]} 32. Rf1 {[%clk 0:04:28]} Bb8
{[%clk 0:09:53]} 33. Kg2 {[%clk 0:02:06]} Qe5 {[%clk 0:08:06]} 34. Qh3
{[%clk 0:02:29]} Qg5 {[%clk 0:06:44]} 35. Kh1 {[%clk 0:02:46]} Rc2
{[%clk 0:05:13]} 36. Nf5 {[%clk 0:02:38]} Rd2 {[%clk 0:03:51]} 37. Qg2
{[%clk 0:01:38]} Rg8 {[%clk 0:03:45]} 38. h3 {[%clk 0:01:55]} Qxf5
{[%clk 0:04:06]} 39. gxf5 {[%clk 0:02:17]} Rxg2 {[%clk 0:04:33]} 40. Kxg2
{[%clk 0:02:37]} Ra2 {[%clk 0:04:27]} 41. Rc1 {[%clk 0:02:02]} Be5
{[%clk 0:04:41]} 42. h4 {[%clk 0:02:23]} Rxa3 {[%clk 0:04:58]} 43. h5
{[%clk 0:02:47]} h6 {[%clk 0:05:23]} 0-1

[Event "EYCC 2024 - G16"]
[Site "?"]
[Date "2024.08.24"]
[Round "3.7"]
[White "Hayrapetyan, Nvard"]
[Black "Tsetskhladze, Mariam"]
[Result "0-1"]
[BlackElo "2040"]
[WhiteElo "1748"]
[LiveChessVersion "1.4.8"]

1. e4 {[%clk 1:30:58]} c5 {[%clk 1:30:50]} 2. Nc3 {[%clk 1:31:25]} Nc6
{[%clk 1:31:13]} 3. Bb5 {[%clk 1:31:52]} Nd4 {[%clk 1:31:26]} 4. Bc4
{[%clk 1:32:13]} Nf6 {[%clk 1:31:19]} 5. Nge2 {[%clk 1:30:31]} e6
{[%clk 1:31:26]} 6. O-O {[%clk 1:30:38]} a6 {[%clk 1:31:13]} 7. a4
{[%clk 1:30:39]} d5 {[%clk 1:31:24]} 8. exd5 {[%clk 1:29:38]} exd5
{[%clk 1:31:40]} 9. Ba2 {[%clk 1:30:04]} Bd6 {[%clk 1:31:32]} 10. d3
{[%clk 1:29:53]} Ne6 {[%clk 1:31:26]} 11. Kh1 {[%clk 1:29:25]} Be7
{[%clk 1:31:11]} 12. Ng3 {[%clk 1:27:39]} b5 {[%clk 1:28:04]} 13. Nh5
{[%clk 1:22:46]} Bb7 {[%clk 1:20:03]} 14. Qf3 {[%clk 0:52:15]} Nxh5
{[%clk 1:06:17]} 15. Qxh5 {[%clk 0:52:42]} g6 {[%clk 1:06:05]} 16. Qh3
{[%clk 0:42:49]} b4 {[%clk 1:03:17]} 17. Ne2 {[%clk 0:42:59]} O-O
{[%clk 1:02:42]} 18. Bh6 {[%clk 0:40:57]} Re8 {[%clk 1:02:19]} 19. f4
{[%clk 0:41:04]} Ng7 {[%clk 0:52:26]} 20. Bxg7 {[%clk 0:30:34]} Kxg7
{[%clk 0:52:49]} 21. f5 {[%clk 0:25:43]} Bf6 {[%clk 0:42:19]} 22. Nf4
{[%clk 0:24:33]} Bxb2 {[%clk 0:30:21]} 23. Rab1 {[%clk 0:22:15]} Be5
{[%clk 0:30:00]} 24. Qg4 {[%clk 0:22:02]} Bxf4 {[%clk 0:23:10]} 25. Rxf4
{[%clk 0:21:40]} f6 {[%clk 0:21:17]} 26. Rbf1 {[%clk 0:19:55]} Qd6
{[%clk 0:19:55]} 27. h4 {[%clk 0:18:12]} Rf8 {[%clk 0:13:30]} 28. R1f3
{[%clk 0:16:06]} Rae8 {[%clk 0:08:26]} 29. Rg3 {[%clk 0:15:28]} Re1+
{[%clk 0:07:35]} 30. Kh2 {[%clk 0:15:53]} Bc8 {[%clk 0:07:28]} 31. Qf3
{[%clk 0:09:13]} Re5 {[%clk 0:07:26]} 32. fxg6 {[%clk 0:08:57]} hxg6
{[%clk 0:07:47]} 33. d4 {[%clk 0:09:17]} cxd4 {[%clk 0:05:55]} 34. Rxd4
{[%clk 0:09:35]} Be6 {[%clk 0:04:32]} 35. Qd3 {[%clk 0:06:33]} Bf5
{[%clk 0:04:21]} 36. Qd2 {[%clk 0:06:59]} Re4 {[%clk 0:03:49]} 37. Rxe4
{[%clk 0:04:23]} Bxe4 {[%clk 0:04:18]} 38. Qf2 {[%clk 0:04:08]} Rc8
{[%clk 0:03:26]} 39. Bb3 {[%clk 0:03:21]} Rc3 {[%clk 0:03:25]} 40. Qa7+
{[%clk 0:03:44]} Kh6 {[%clk 0:03:12]} 41. Qf2 {[%clk 0:04:09]} Qe5
{[%clk 0:02:21]} 42. Qd2+ {[%clk 0:04:16]} Kg7 {[%clk 0:02:43]} 43. Qf2
{[%clk 0:04:33]} d4 {[%clk 0:02:40]} 44. Qe1 {[%clk 0:05:01]} Re3
{[%clk 0:02:37]} 45. Qf2 {[%clk 0:05:25]} Qc7 {[%clk 0:02:07]} 46. Kh3
{[%clk 0:04:58]} Bf5+ {[%clk 0:02:22]} 47. Kh2 {[%clk 0:05:25]} Qe5
{[%clk 0:02:26]} 48. a5 {[%clk 0:05:39]} Kh7 {[%clk 0:02:12]} 49. Ba4
{[%clk 0:05:37]} Kg7 {[%clk 0:01:20]} 50. Bb3 {[%clk 0:05:39]} Rc3
{[%clk 0:01:27]} 51. Ba4 {[%clk 0:05:57]} Qc7 {[%clk 0:01:28]} 52. Bb3
{[%clk 0:06:00]} Bxc2 {[%clk 0:01:25]} 53. Bxc2 {[%clk 0:05:43]} Rxc2
{[%clk 0:01:53]} 54. Qxd4 {[%clk 0:05:59]} Rc3 {[%clk 0:02:18]} 0-1

[Event "EYCC 2024 - G16"]
[Site "?"]
[Date "2024.08.24"]
[Round "3.8"]
[White "Peglau, Charis"]
[Black "Jankovic, Tamara"]
[Result "1-0"]
[BlackElo "1877"]
[WhiteElo "2031"]
[LiveChessVersion "1.4.8"]

1. Nf3 {[%clk 1:30:58]} Nf6 {[%clk 1:30:53]} 2. c4 {[%clk 1:31:21]} g6
{[%clk 1:31:18]} 3. g3 {[%clk 1:31:48]} Bg7 {[%clk 1:31:44]} 4. Bg2
{[%clk 1:32:14]} O-O {[%clk 1:32:09]} 5. O-O {[%clk 1:32:39]} d6 {[%clk 1:32:32]}
6. Nc3 {[%clk 1:33:01]} e5 {[%clk 1:32:09]} 7. d3 {[%clk 1:33:26]} Nc6
{[%clk 1:32:34]} 8. Rb1 {[%clk 1:33:50]} a5 {[%clk 1:32:36]} 9. a3
{[%clk 1:34:14]} h6 {[%clk 1:32:30]} 10. b4 {[%clk 1:34:40]} axb4
{[%clk 1:32:19]} 11. axb4 {[%clk 1:35:08]} Nh7 {[%clk 1:32:39]} 12. Nd2
{[%clk 1:34:50]} f5 {[%clk 1:31:25]} 13. Nd5 {[%clk 1:34:02]} Nd4
{[%clk 1:29:56]} 14. b5 {[%clk 1:30:23]} Bd7 {[%clk 1:26:19]} 15. Nb4
{[%clk 1:20:47]} Qc8 {[%clk 1:23:44]} 16. Nd5 {[%clk 1:12:41]} Rf7
{[%clk 1:09:05]} 17. e3 {[%clk 1:11:02]} Ne6 {[%clk 1:07:56]} 18. Bb2
{[%clk 1:11:12]} Nf6 {[%clk 1:07:56]} 19. Nxf6+ {[%clk 1:06:21]} Bxf6
{[%clk 1:08:03]} 20. Ra1 {[%clk 1:05:36]} c6 {[%clk 1:07:14]} 21. bxc6
{[%clk 0:49:04]} bxc6 {[%clk 0:57:08]} 22. Rxa8 {[%clk 0:46:23]} Qxa8
{[%clk 0:57:36]} 23. Qc2 {[%clk 0:46:39]} Be8 {[%clk 0:56:00]} 24. Ra1
{[%clk 0:46:03]} Ra7 {[%clk 0:54:48]} 25. Rxa7 {[%clk 0:37:19]} Qxa7
{[%clk 0:55:16]} 26. Qc3 {[%clk 0:37:38]} Nc5 {[%clk 0:50:09]} 27. Ba3
{[%clk 0:37:48]} Kg7 {[%clk 0:47:45]} 28. Bxc5 {[%clk 0:27:15]} Qxc5
{[%clk 0:45:45]} 29. Qa1 {[%clk 0:27:28]} Bd8 {[%clk 0:35:50]} 30. d4
{[%clk 0:17:00]} Qa5 {[%clk 0:34:56]} 31. Qb2 {[%clk 0:15:13]} Qb6
{[%clk 0:34:05]} 32. Qxb6 {[%clk 0:10:43]} Bxb6 {[%clk 0:34:26]} 33. c5
{[%clk 0:10:45]} dxc5 {[%clk 0:31:30]} 34. dxe5 {[%clk 0:11:03]} Bf7
{[%clk 0:24:21]} 35. Bf1 {[%clk 0:06:02]} Ba5 {[%clk 0:23:47]} 36. Nc4
{[%clk 0:06:12]} Bxc4 {[%clk 0:23:46]} 37. Bxc4 {[%clk 0:06:40]} Kf8
{[%clk 0:24:01]} 38. f4 {[%clk 0:06:34]} Ke7 {[%clk 0:23:55]} 39. Kf2
{[%clk 0:06:59]} Kf8 {[%clk 0:22:39]} 40. Kf3 {[%clk 0:07:02]} Ke7
{[%clk 0:09:41]} 41. e4 {[%clk 0:06:46]} fxe4+ {[%clk 0:07:49]} 42. Kxe4
{[%clk 0:07:14]} Bc3 {[%clk 0:08:17]} 43. g4 {[%clk 0:06:51]} Bd4
{[%clk 0:06:34]} 44. h4 {[%clk 0:01:24]} Bf2 {[%clk 0:05:57]} 45. h5
{[%clk 0:01:44]} gxh5 {[%clk 0:05:50]} 46. gxh5 {[%clk 0:02:12]} Bg3
{[%clk 0:01:27]} 47. f5 {[%clk 0:02:23]} Bh4 {[%clk 0:01:56]} 48. Kf4
{[%clk 0:02:42]} Bg5+ {[%clk 0:02:16]} 49. Kg4 {[%clk 0:03:06]} Be3
{[%clk 0:02:12]} 50. f6+ {[%clk 0:03:23]} Kf8 {[%clk 0:01:50]} 51. Kf5
{[%clk 0:03:20]} Bd4 {[%clk 0:01:26]} 52. e6 {[%clk 0:03:38]} Bc3
{[%clk 0:00:40]} 53. Kg6 {[%clk 0:03:35]} Ke8 {[%clk 0:00:53]} 54. e7
{[%clk 0:03:35]} 1-0

[Event "EYCC 2024 - G16"]
[Site "?"]
[Date "2024.08.24"]
[Round "3.9"]
[White "Zapalowska, Wiktoria"]
[Black "Gkoutzouki, Aikaterini Argyro"]
[Result "0-1"]
[BlackElo "1986"]
[WhiteElo "1733"]
[LiveChessVersion "1.4.8"]

1. e4 {[%clk 1:30:56]} c5 {[%clk 1:30:57]} 2. Nf3 {[%clk 1:31:17]} d6
{[%clk 1:31:16]} 3. Bb5+ {[%clk 1:31:38]} Nd7 {[%clk 1:31:39]} 4. O-O
{[%clk 1:31:44]} a6 {[%clk 1:30:02]} 5. Bd3 {[%clk 1:32:04]} e6 {[%clk 1:30:18]}
6. a4 {[%clk 1:32:16]} b6 {[%clk 1:30:42]} 7. Re1 {[%clk 1:32:13]} g5
{[%clk 1:30:58]} 8. h3 {[%clk 1:28:41]} h5 {[%clk 1:27:53]} 9. Nh2
{[%clk 1:24:43]} Ngf6 {[%clk 1:11:58]} 10. c3 g4 {[%clk 1:09:02]} 11. h4
{[%clk 1:04:57]} g3 {[%clk 1:04:05]} 12. fxg3 {[%clk 1:02:57]} Rg8
{[%clk 1:02:58]} 13. Nf1 {[%clk 1:01:23]} Bb7 {[%clk 1:02:33]} 14. Bc2
{[%clk 0:59:09]} Bh6 {[%clk 0:54:35]} 15. d4 {[%clk 0:53:34]} Bxc1
{[%clk 0:54:43]} 16. Qxc1 {[%clk 0:53:57]} Qc7 {[%clk 0:53:00]} 17. Nbd2
{[%clk 0:49:31]} O-O-O {[%clk 0:51:37]} 18. Nf3 {[%clk 0:45:21]} Ng4
{[%clk 0:46:40]} 19. Qd2 {[%clk 0:40:22]} Kb8 {[%clk 0:42:01]} 20. b3
{[%clk 0:37:40]} Ndf6 {[%clk 0:40:45]} 21. Bd3 {[%clk 0:29:11]} d5
{[%clk 0:38:38]} 22. e5 {[%clk 0:25:03]} Ne4 {[%clk 0:38:08]} 23. Bxe4
{[%clk 0:21:26]} dxe4 {[%clk 0:38:34]} 24. Ng5 {[%clk 0:20:47]} Nxe5
{[%clk 0:33:00]} 25. Nxe4 {[%clk 0:20:02]} cxd4 {[%clk 0:32:14]} 26. cxd4
{[%clk 0:20:00]} Rg4 {[%clk 0:31:43]} 27. Nf6 {[%clk 0:15:46]} Rgxd4
{[%clk 0:29:45]} 28. Qe2 {[%clk 0:15:24]} Nd3 {[%clk 0:27:26]} 29. Red1
{[%clk 0:14:47]} Qc5 {[%clk 0:24:34]} 30. Kh2 {[%clk 0:14:11]} Qd6
{[%clk 0:15:45]} 31. Qxh5 {[%clk 0:10:06]} Nf2 {[%clk 0:15:11]} 32. Rxd4
{[%clk 0:09:59]} Qxd4 {[%clk 0:15:35]} 33. Ra2 {[%clk 0:06:29]} Qxf6
{[%clk 0:15:58]} 34. Qe2 {[%clk 0:06:19]} Ne4 {[%clk 0:16:09]} 35. Rc2
{[%clk 0:05:47]} Nc3 {[%clk 0:13:43]} 36. Qc4 {[%clk 0:03:41]} Nd5
{[%clk 0:14:01]} 37. Qe2 {[%clk 0:03:28]} Rg8 {[%clk 0:12:06]} 38. Qf2
{[%clk 0:02:09]} Qxf2 {[%clk 0:11:45]} 39. Rxf2 {[%clk 0:02:37]} f5
{[%clk 0:12:03]} 40. Nd2 {[%clk 0:01:51]} Nf6 {[%clk 0:12:11]} 41. Re2
{[%clk 0:01:53]} Bd5 {[%clk 0:12:09]} 42. Nc4 {[%clk 0:01:32]} Ng4+
{[%clk 0:11:28]} 43. Kg1 {[%clk 0:01:40]} Rc8 {[%clk 0:11:23]} 44. Re1
{[%clk 0:00:44]} Rc6 {[%clk 0:10:24]} 45. Kf1 {[%clk 0:00:41]} b5
{[%clk 0:09:11]} 46. axb5 {[%clk 0:00:48]} axb5 {[%clk 0:09:35]} 47. Nd2
{[%clk 0:00:59]} Rc2 {[%clk 0:09:35]} 0-1